Countries Beginning With Same Letter As Their Continent - Statistics

General Stats
  • This quiz has been taken 42 times
  • The average score is 6 of 8
Answer Stats
Answer % Correct
Estonia
92%
Angola
89%
Armenia
83%
Azerbaijan
83%
Algeria
78%
Suriname
75%
Afghanistan
72%
Nicaragua
61%
No matching quizzes found
Score Distribution
Percent of People with Each Score
Percentile by Number Answered
Your Score History
You have not taken this quiz